| 000 | 01203cam a2200229 4500 | ||
|---|---|---|---|
| 001 | WB@3612-466 | ||
| 008 | 041026n2004 000 0 eng u | ||
| 035 | _a(Sirsi) u127820 | ||
| 245 | _aLondon prices falling still | ||
| 260 | _c2004 | ||
| 490 |
_aHometrack Press Release _v25 October 2004 (7) |
||
| 520 | _aHometrack's "Monthly London survey: October 2004" reveals an average house price fall of -1.1% following last month's drop of -0.7%. This is the fourth consecutive month during which London house prices have fallen and the average London house price now stands at £268 800. For the first time since the survey began, all London boroughs reported price falls. The worst affected were Southwark and Lewisham which both saw falls of -1.8%. All of these figures point to the fact that the London housing market is stalling. View the report in full on the website. http://www.hometrack.co.uk/index.cfm?fuseaction=ne ws.viewnewsitem&newsid=88 | ||
| 590 | _aWB | ||
| 590 | _aWB | ||
| 650 | _aHOUSE PRICES | ||
| 650 | _aHOMETRACK.CO.UK HOUSE PRICE INDEX | ||
| 650 | _aINTEREST RATES | ||
| 650 | _aLONDON | ||
| 650 | _aHOUSING-MARKET | ||
| 690 | _aHOUSING-HOUSE PRICES | ||
| 942 | _n0 | ||
| 999 |
_c118222 _d118222 |
||